Názory a postoje učiteľov 1. stupňa ZŠ k humanizácii výchovy a vzdelávania

Bibliographic Details
Main Author: Kosová, Beata, 1957- (Author)
Format: Article
Language:Slovak
PhysicalDescription:Res. angl., lit. v pozn.
Subjects:

MARC

LEADER 00000nab a2200000 a 4500
001 vtls000578385
003 SK-MaSNL
005 20260426080518.0
008 250425c1996 xo 0 slo
015 |a SNBRB19rr/mm-uuuuu 
035 |a CL0578523 
035 |a urn:nbn:sk:snk-ab7jd7 
035 |a (urnnbn)urn:nbn:sk:snk:ar-005ydt 
035 |a (uuid)434b1349-d652-4262-86ac-1b3eb1983095 
040 |a SNKBUCL  |b slo  |c SNKBUCL  |e AACR2 
041 0 |a slo 
044 |a xo  |c SK 
080 |a 37.015.53:371.12:373.3  |2 1981 
080 |a 371.12  |2 1981 
080 |a 373.3  |2 1981 
100 1 |a Kosová, Beata,  |d 1957-  |4 aut  |9 104235 
245 1 0 |a Názory a postoje učiteľov 1. stupňa ZŠ k humanizácii výchovy a vzdelávania  |c Beáta Kosová 
300 |b Res. angl., lit. v pozn. 
650 0 7 |a výchova  |2 snkbucl  |9 957 
650 0 7 |a vzdelávanie  |2 snkbucl  |9 4033 
650 0 7 |a učitelia  |2 snkbucl  |9 3995 
650 0 7 |a školy základné  |2 snkbucl  |9 390867 
655 7 |a články z novín a časopisov  |2 snkbucl  |9 267496 
773 0 |t Pedagogická revue  |g Roč. 48, č. 1-2 (1996), s. 3-12 
850 |a Slovenská národná knižnica 
852 |a Slovenská národná knižnica 
954 |a odborná, vedecká literatúra pôvodná (slovenská)  |2 lita 
958 |a article7 
958 |a RK 
958 |a OND 
958 |a EUIPO 
992 |a RBX 
999 |c 2810285  |d 2812215